The Triple Oses of Category: Pilot Proof-of-Concept of the CLDI Framework

Salvato in:
Dettagli Bibliografici
Autore principale: Lipták, Pavol, 1998-
Altri autori: Kalaš, Filip, 1993-
Natura: Capitolo di libro
Lingua:inglese
Tags: Aggiungi Tag
Nessun Tag, puoi essere il primo ad aggiungerne!!

MARC

LEADER 00000naa$a2200000$$$4500
001 0314445
005 20260123093525.3
041 0 |a eng 
044 |a SK 
245 1 0 |a The Triple Oses of Category: Pilot Proof-of-Concept of the CLDI Framework  |c Pavol Lipták, Filip Kalaš 
100 1 |a Lipták, Pavol, 1998- 
700 1 |a Kalaš, Filip, 1993-